000
00305nam a2200109Ia 4500
008
200302s9999 xx 000 0 und d
100
_a
R. P. Misra
245
_a
Regional Planning Cibceots, Techniques, Policies and Case Studies
260
_b
Concept Publishing Co. Ltd.
260
_c
1992
300
_a
896 P.,
999
_c
5536
_d
5536